| 000 | 00896nam a22001817a 4500 | ||
|---|---|---|---|
| 003 | CEME | ||
| 005 | 20210628202303.0 | ||
| 008 | 210210b xxu||||| |||| 00| 0 eng d | ||
| 020 | _a1-58053-779-0 | ||
| 040 | _c. | ||
| 082 | _a621.30151 LEO | ||
| 100 |
_aLeonov , Sergey . A ,Leonov , Alexander . I _959155 |
||
| 245 | _aMathematical handbook for electrical engineers | ||
| 260 |
_aLONDON _cARTECH HOUSE _b2005 |
||
| 300 | _aXVIII,495P | ||
| 650 |
_aENGINEERING MATHEMATICS.DIFFERENTIAL AND INTEGRAL CALCULUS.COMPLEX NUMBERS.FOURIER SERIES.MATRIX ALGEBRA.VECTOR ALGEBRA.PROBABILITY THEORY.RANDOM FUNCTIONS.APPLIED STATISTICS.COMPUTER AIDED COMPUTATIONS.MATHEMATICAL ALGORITHMS-ELECTRIC CIRCUIT AND DEVICES.MATHEMATICAL ALGORITHMS-ANTENNAS AND PROPAGATION.MATHEMATICAL ALGORITHMS-WAVEFORMS AND SIGNAL PROCESSING.MATHEMATICAL ALGORITHMS-STOCHASTIC RADIO ENGINEERING. _959156 |
||
| 942 |
_cBK _2ddc |
||
| 999 |
_c569201 _d569201 |
||